[Event "Cholet-D"]
[Site "Cholet"]
[Date "2012.02.22"]
[Round "7"]
[White "Ragot Gaufreteau, Maelyss"]
[Black "Coutolleau, Romain"]
[Result "1-0"]
[WhiteElo "1422"]
[BlackElo "1420"]
[PlyCount "81"]
[EventDate "2012.02.18"]
[EventType "swiss"]
[EventRounds "9"]
[EventCountry "FRA"]
[SourceTitle "EXT 2013"]
[Source "ChessBase"]
[SourceDate "2012.11.22"]
[SourceVersion "1"]
[SourceVersionDate "2012.11.22"]
[SourceQuality "1"]

1. e4 e6 2. d4 d5 3. Nc3 Bb4 4. e5 Ne7 5. a3 Bxc3+ 6. bxc3 h6 7. Nf3 0-0 8. Bd3 c5 9. 0-0 c4 10. Be2 Nbc6 11. Qd2 f5 12. Re1 Bd7 13. Bf1 b5 14. g3 Be8 15. Kh1 Bh5 16. Bg2 Ng6 17. Rf1 f4 18. a4 Qa5 19. Ba3 Rf7 20. Bb4 Nxb4 21. cxb4 Qb6 22. axb5 Qxb5 23. Ra5 Qe8 24. c3 Qf8 25. Ne1 fxg3 26. hxg3 Qe7 27. Qe3 Raf8 28. Bh3 Bf3+ 29. Kg1 Be4 30. Ra6 Bf5 31. Bxf5 Rxf5 32. Qd2 h5 33. Qe3 h4 34. g4 Rf3 35. Nxf3 Nf4 36. Kh2 g5 37. Rfa1 Ra8 38. b5 Qh7 39. b6 Rf8 40. Rxa7 Qc2 41. Ra8 1-0